000
00308nam a2200121Ia 4500
005
20251222143130.0
008
251222s9999||||xx |||||||||||||| ||spa||
082
_a
305.8/G16
100
_a
Gálvez Herrera, Ciro
245
0
_a
Ensayos sobre la Teoría del Renacimiento Andino
264
_b
Ríos
942
_c
LIB
999
_c
11904
_d
11904